Доклады т.т. Троцкого, Каменева, Мельничанского, Шмидта, Смидовича, Хинчука [и резолюции, принятые Конференцией] (Запись № 10144478)

Подробности
000 -МАРКЕР
контрольное поле 02015nam0a22003251 4500
001 - ИДЕНТИФИКАТОР ЗАПИСИ
контрольное поле RU\NLR\A1SV\111607
005 - ИДЕНТИФИКАТОР ВЕРСИИ
контрольное поле 20260607030453.0
035 ## - ДРУГИЕ СИСТЕМНЫЕ НОМЕРА
Идентификатор записи (NLR Aleph) 009792960
100 ## - ДАННЫЕ ОБЩЕЙ ОБРАБОТКИ
Данные общей обработки 20110822d1921 u y0rusy50 ca
101 0# - ЯЗЫК РЕСУРСА
Язык текста, звукозаписи и т.д. русский
102 ## - СТРАНА ПУБЛИКАЦИИ ИЛИ ПРОИЗВОДСТВА
Страна публикации Российская Федерация
200 1# - ЗАГЛАВИЕ И СВЕДЕНИЯ ОБ ОТВЕТСТВЕННОСТИ
Основное заглавие Доклады т.т. Троцкого, Каменева, Мельничанского, Шмидта, Смидовича, Хинчука [и резолюции, принятые Конференцией]
Первые сведения об ответственности Моск. губ. совет профсоюзов. Ред.-изд. Широкая конф. фабр.-завод. ком., правлений союзов и Пленума МГСПС (28-29 окт. 1921 г.)
210 ## - ПУБЛИКАЦИЯ, РАСПРОСТРАНЕНИЕ И ДР.
Место издания, распространения и т.д. [М.]
Имя издателя, распространителя и т. д. Гос. изд. Моск. отд-ние
Дата издания, распространения и т.д. 1921
215 ## - ФИЗИЧЕСКАЯ ХАРАКТЕРИСТИКА
Специфическое обозначение материала и объем 91 с.
Размеры 22,5 см
620 ## - МЕСТО И ДАТА ПУБЛИКАЦИИ, ИСПОЛНЕНИЯ И Т. Д.
Город Москва
702 #1 - ИМЯ ЛИЦА - ВТОРИЧНАЯ ОТВЕТСТВЕННОСТЬ
Графика поля Кириллица
Материалы, к которым относится поле rus
Начальный элемент ввода Троцкий
Часть имени, кроме начального элемента ввода Л. Д.
Даты 1879-1940
Расширение инициалов личного имени Лев Давыдович
Системный номер авторитетной/нормативной записи 120109
Идентификатор авторитетной/нормативной записи RU\NLR\AUTH\7710331
702 #1 - ИМЯ ЛИЦА - ВТОРИЧНАЯ ОТВЕТСТВЕННОСТЬ
Материалы, к которым относится поле rus
Графика поля Кириллица
Начальный элемент ввода Каменев
Часть имени, кроме начального элемента ввода Л. Б.
Даты 1883-1936
Расширение инициалов личного имени Лев Борисович
Идентификатор авторитетной/нормативной записи RU\NLR\AUTH\7717661
Системный номер авторитетной/нормативной записи 747
702 #1 - ИМЯ ЛИЦА - ВТОРИЧНАЯ ОТВЕТСТВЕННОСТЬ
Графика поля Кириллица
Материалы, к которым относится поле rus
Начальный элемент ввода Мельничанский
Часть имени, кроме начального элемента ввода Г. Н.
Дополнения к именам, кроме дат революционер, профсоюзный деятель
Даты 1886-1937
Расширение инициалов личного имени Григорий Натанович
Системный номер авторитетной/нормативной записи 174847
Идентификатор авторитетной/нормативной записи RU\NLR\AUTH\770174898
702 #1 - ИМЯ ЛИЦА - ВТОРИЧНАЯ ОТВЕТСТВЕННОСТЬ
Начальный элемент ввода Шмидт
Часть имени, кроме начального элемента ввода В. В.
Дополнения к именам, кроме дат гос. и обществ. деятель
Даты 1886-1938
Расширение инициалов личного имени Василий Владимирович
Системный номер авторитетной/нормативной записи 171140
Идентификатор авторитетной/нормативной записи RU\NLR\AUTH\770171190
702 #1 - ИМЯ ЛИЦА - ВТОРИЧНАЯ ОТВЕТСТВЕННОСТЬ
Графика поля Кириллица
Материалы, к которым относится поле rus
Начальный элемент ввода Смидович
Часть имени, кроме начального элемента ввода П. Г.
Даты 1874-1935
Расширение инициалов личного имени Петр Гермогенович
Системный номер авторитетной/нормативной записи 118214
Идентификатор авторитетной/нормативной записи RU\NLR\AUTH\778303
702 #1 - ИМЯ ЛИЦА - ВТОРИЧНАЯ ОТВЕТСТВЕННОСТЬ
Начальный элемент ввода Хинчук
Часть имени, кроме начального элемента ввода Л. М.
Дополнения к именам, кроме дат гос. деятель, дипломат
Даты 1868-1939
Расширение инициалов личного имени Лев Михайлович
Системный номер авторитетной/нормативной записи 172388
Идентификатор авторитетной/нормативной записи RU\NLR\AUTH\770172438
710 12 - НАИМЕНОВАНИЕ ОРГАНИЗАЦИИ - ПЕРВИЧНАЯ ОТВЕТСТВЕННОСТЬ
Начальный элемент ввода Широкая конф. фабр.-завод. ком., правлений союзов и пленума МГСПС
Порядковый номер временной организации и / или порядковый номер ее части 1921
Место проведения временной организации Москва
801 #0 - ИСТОЧНИК ЗАПИСИ
Страна Российская Федерация
Организация NLR
Дата составления 20110822
852 ## - МЕСТОНАХОЖДЕНИЕ И ШИФР ХРАНЕНИЯ
Идентификатор организации NLR
Шифр хранения (Call Number) 37.60.7.227
899 ## - ДАННЫЕ О МЕСТОНАХОЖДЕНИИ (устаревшее)
Местонахождение ГОПБ
942 ## - ДОПОЛНИТЕЛЬНЫЕ ЭЛЕМЕНТЫ ЗАПИСИ (АБИС)
Тип экземпляра АБИС Книга
980 ## - КОЛЛЕКЦИЯ
Название коллекции Национальная библиография
980 ## - КОЛЛЕКЦИЯ
Название коллекции Международный сводный каталог русской книги (1918-1926)
Экземпляры
Тип экземпляра Дата поступления Библиотека постоянного хранения Библиотека текущего хранения Место хранения Шифр хранения Штрих-код Статус экземпляра
Книга 13.05.2016 РНБ (Садовая) РНБ (Садовая) Русский книжный фонд -Главное здание, Ленинский читальный зал 37.60.7.227 9792960-10